How to master personality questionnaires (Record no. 86831)

MARC details
000 -LEADER
fixed length control field 00614nam a2200229Ia 4500
005 - DATE AND TIME OF LATEST TRANSACTION
control field 20251114171742.0
008 - FIXED-LENGTH DATA ELEMENTS--GENERAL INFORMATION
fixed length control field 230125s9999 xx 000 0 und d
020 ## - INTERNATIONAL STANDARD BOOK NUMBER
International Standard Book Number 81-7554-159-8
041 ## - LANGUAGE CODE
Language code of text/sound track or separate title eng
082 ## - DEWEY DECIMAL CLASSIFICATION NUMBER
Classification number 158.1
Item number KAZ BAT
100 ## - MAIN ENTRY--PERSONAL NAME
Author Parkinson M
245 ## - TITLE STATEMENT
Title How to master personality questionnaires
250 ## - EDITION STATEMENT
Edition statement 2nd ed
260 ## - PUBLICATION, DISTRIBUTION, ETC.
Date of publication, distribution, etc. 2002
Name of publisher, distributor, etc. Kogan Page
Place of publication, distribution, etc. New Delhi
300 ## - PHYSICAL DESCRIPTION
Extent 136p
500 ## - GENERAL NOTE
Keywords Personality development,
500 ## - GENERAL NOTE
Keywords Personality Improvement;Personality
650 ## - SUBJECT ADDED ENTRY--TOPICAL TERM
Topical term or geographic name entry element Personality Development
700 ## - ADDED ENTRY--PERSONAL NAME
Personal name Parkinson M
942 ## - ADDED ENTRY ELEMENTS (KOHA)
Koha item type Books
906 ## - LOCAL DATA ELEMENT F, LDF (RLIN)
b 22
Holdings
Withdrawn status Lost status Damaged status Not for loan Home library Current library Date acquired Vendor Net Price Total Checkouts Full call number Barcode Date last seen Actual Price Bill Date Koha item type Original Barcode
        Smt. Hiraben Nanavati Institute of Management & Research for Women Smt. Hiraben Nanavati Institute of Management & Research for Women 18/03/2002 Varma Book Distributor 150.00   158.1 KAZ/BAT B02981 HIMR-BK-2981 25/01/2023 128.00 18/03/2002 Books B02981